000
00300nam a22001337a 4500
003
SGT
082
_a
615.532
_b
T15B
100
_a
BOERICKE, WILLIAM
245
_a
THE 12 TISSUE REMEDIES OF SCHUSSLER
260
_a
INDIA
_b
B.JAIN PUB
_c
2015
300
_a
450
650
_a
HOMOEOPATHIC
942
_2
ddc
_c
BK
999
_c
18761
_d
18761